000 00681nam a2200277 a 4500
003 AR-BaBNM
005 20251128203448.0
008 082120s2002 ||||||||||||||000 | spa||
020 _a950-737-83-X
040 _cAR-BaBNM
100 1 _aPellerano, Miguel
245 0 0 _aBasura
250 _a1ยช ed.
260 _aBuenos Aires
_bLibros del Quirquincho
_c1991
300 _a40 p.
_bil.
490 0 _aTemas de medio ambiente
650 4 _aECOLOGIA
650 4 _aCIENCIAS AMBIENTALES
650 4 _aDESECHOS
650 4 _aCONTAMINANTES
650 4 _aEDUCACION AMBIENTAL
700 1 _aPenchansky, Pompi
700 0 _aHuadi
_eilustrador
942 _cBK
998 _cEnrique
999 _c3495
_d3495